000 01067nam0a22002771 4500
001 rc\2963008
005 20250529235850.0
035 _a(NLR Aleph) 007109537
090 _a6753606
_c6753606
100 _a20050406d1939 |||y0rusy50 ca
101 0 _arus
102 _aRU
105 _ae z ||||y
200 1 _aСтахановский участок
_e[10-й участок им. К.Е. Ворошилова треста "Прокопьевскуголь"]
_fЛит. обработка И.Г. Зобачева, В.Ф. Парусимова, М.Г. Симонова
210 _aНовосибирск
_cНовосибгиз
_d1939
215 _a16 с.
_cграф., план.
_d16 см
300 _aБрошюра организована Кузнец. н.-и. угол. ин-том
700 1 _aЯнин
_bМ.Н.
702 1 _aЗобачев
_bИ.Г.
_4570
702 1 _aПарусимов
_bВ.Ф.
_4570
702 1 _aСимонов
_bМ.Г.
_4570
801 0 _aRU
_bNLR
_gpsbo
801 1 _aRU
_bELAR
_2rusmarc
852 _aNLR
_j39-9/1790
942 _cBOOK
980 _aNB